Daňové triky : Celkom legálne rady daňovníkom /

Salvato in:
Dettagli Bibliografici
Autori principali: Práznovský, Alexander (Autore), Korec, Štefan (Autore)
Natura: Libro
Lingua:slovacco
Pubblicazione: Bratislava : Odborárske spektrum, 1985
Edizione:1.vyd.
Soggetti:
Tags: Aggiungi Tag
Nessun Tag, puoi essere il primo ad aggiungerne!!

MARC

LEADER 00000nam a22000003a 4500
001 stu7526
005 20150617225809.5
008 950410s1985----xo------------------slo-d
020 |a 80-88691-10-9 
040 |a STU  |b slo 
041 0 |a slo 
044 |a xo 
080 |a 336.2.04 
100 1 |a Práznovský, Alexander  |4 aut 
245 1 |a Daňové triky :  |b Celkom legálne rady daňovníkom /  |c [aut.] Práznovský,Alexander; Korec,řtefan 
250 |a 1.vyd. 
260 |a Bratislava :  |b Odborárske spektrum,  |c 1985 
300 |a 249 s 
650 7 |a dane  |2 stusub 
700 1 |a Korec, Štefan  |4 aut 
996 |b E79739  |c R*79739  |l RRUM  |s A  |a 24  |w stu7526_0001